| 000 | 00590nam a2200181 i 4500 | ||
|---|---|---|---|
| 001 | 22740 | ||
| 003 | ES-MaACL | ||
| 005 | 20240501063025.0 | ||
| 007 | t| | ||
| 008 | 021204s1967 sp ||||1| spa d | ||
| 100 | 0 |
_aAlonso Royano, Félix, _d1938- _920396 |
|
| 245 | 1 | 3 |
_aEl dodecaedro y Cantos para una paz que no llega nunca / _cFélix Alonso Royano. |
| 260 |
_aBilbao : _bComunicación Literaria de Autores, _c1967. |
||
| 300 |
_a56 p. ; _c22 cm. |
||
| 710 | 2 |
_aComunicación Literaria de Autores. _93127 |
|
| 852 |
_aES-MaACL _jC-32722 _bR.63699 |
||
| 999 |
_c22740 _d22740 |
||